SEJARAH PERTUKARAN BUDAYA ANTARA MALAYSIA DENGAN CHINA / (Record no. 204331)

MARC details
000 -LEADER
fixed length control field 01023nam a2200277 i 4500
005 - DATE AND TIME OF LATEST TRANSACTION
control field 20260622121929.0
008 - FIXED-LENGTH DATA ELEMENTS--GENERAL INFORMATION
fixed length control field 260517t20242024my gr 000 0 may d
020 ## - INTERNATIONAL STANDARD BOOK NUMBER
International Standard Book Number 9789675381966
Terms of availability RM40.00
Qualifying information paperback
040 ## - CATALOGING SOURCE
Original cataloging agency PPAK
Language of cataloging eng
Transcribing agency PPAK
Description conventions rda
082 04 - DEWEY DECIMAL CLASSIFICATION NUMBER
Edition number 23
Classification number 327.595
090 00 - LOCALLY ASSIGNED LC-TYPE CALL NUMBER (OCLC); LOCAL CALL NUMBER (RLIN)
Classification number (OCLC) (R) ; Classification number, CALL (RLIN) (NR) 327.595
Feature heading ONN
Feature heading G
100 1# - MAIN ENTRY--PERSONAL NAME
Personal name Onn, Huann Jan,
Titles and words associated with a name Dr.
Relator term author.
245 10 - TITLE STATEMENT
Title SEJARAH PERTUKARAN BUDAYA ANTARA MALAYSIA DENGAN CHINA /
Statement of responsibility, etc. Dr. Onn Huann Jan ; Penterjemah / Chong Swee Man
264 #1 - PRODUCTION, PUBLICATION, DISTRIBUTION, MANUFACTURE, AND COPYRIGHT NOTICE
Place of production, publication, distribution, manufacture Seri Kembangan, Selangor :
Name of producer, publisher, distributor, manufacturer Green Fiction Publishing (M) Sdn Bhd,
Date of production, publication, distribution, manufacture, or copyright notice 2024
Date of production, publication, distribution, manufacture, or copyright notice ©2024
300 ## - PHYSICAL DESCRIPTION
Extent 265 pages, 3 unnumbered pages ;
Dimensions 24 cm
336 ## - CONTENT TYPE
Content type term text
Source rdacontent
337 ## - MEDIA TYPE
Media type term unmediated
Source rdamedia
338 ## - CARRIER TYPE
Carrier type term volume
Source rdacarrier
504 ## - BIBLIOGRAPHY, ETC. NOTE
Bibliography, etc. note Includes bibliographical references
650 10 - SUBJECT ADDED ENTRY--TOPICAL TERM
Topical term or geographic name entry element International relations
651 #0 - SUBJECT ADDED ENTRY--GEOGRAPHIC NAME
Geographic name Malaysia
General subdivision Relations
Geographic subdivision China
General subdivision History
Geographic name China
General subdivision Relations
Geographic subdivision Malaysia
General subdivision History
700 1# - ADDED ENTRY--PERSONAL NAME
Personal name Chong, Swee Man,
Relator term translator.
942 ## - ADDED ENTRY ELEMENTS (KOHA)
Source of classification or shelving scheme Dewey Decimal Classification
Koha item type Book

No items available.